Loading...
My times : an autobiography/
| Main Author: | |
|---|---|
| Format: | Printed Book |
| Published: |
New Delhi:
Rupa,
2004.
|
| Subjects: |
| LEADER | 00518nam a22001571a 4500 | ||
|---|---|---|---|
| 999 | |c 29971 |d 29971 | ||
| 020 | |a 9788171679171 | ||
| 082 | |a 954.009 2 |b JBK/M | ||
| 100 | |a J B Kripalani | ||
| 245 | |a My times : |b an autobiography/ |c by J B Kripalani . | ||
| 260 | |a New Delhi: |b Rupa, |c 2004. | ||
| 300 | |a 986p. | ||
| 650 | |a Biography J B Kripalani | ||
| 650 | |a Biography | ||
| 942 | |c BK | ||
| 952 | |0 0 |1 0 |4 0 |6 954_009000000000000_2_JBK_M |7 0 |9 43111 |a SSUS |b SSUS |d 2015-01-08 |g 995.00 |o 954.009 2 JBK/M |p 047021 |r 2015-01-08 |v 0.00 |w 2015-01-08 |y BK | ||